000 00463nam a2200133Ia 4500
008 220216s9999 xx 000 0 und d
100 _aJacob
_BK.T.
245 0 _aProgress and prospects of development of rubber plantations in non-traditional regions in India
260 _bSouvenir, Rubber Planters' Conference India, 1974, Kottayam, India, pp. 26-32.
_c1974
300 _a26-32
650 _aNon traditional region
650 _aRubber plantation
942 _cBS
999 _c49834
_d49834